Paul Thomas Anderson’s Favourite Actors - Statistics

General Stats
  • This quiz has been taken 28 times
  • The average score is 6 of 15
Answer Stats
Number of Movies Actor Name % Correct
5 Philip Seymour Hoffman
96%
4 John C Reilly
85%
2 Daniel Day Lewis
78%
2 Julianne Moore
67%
2 William H Macy
56%
3 Philip Baker Hall
48%
2 Alana Haim
33%
2 Benicio Del Toro
33%
3 Luis Guzman
33%
2 Alfred Molina
22%
4 Melora Walters
15%
2 Thomas Jane
11%
2 James Downey
7%
2 Ricky Jay
7%
2 Jillian Bell
0%
No matching quizzes found
Score Distribution
Percent of People with Each Score
Percentile by Number Answered
Your Score History
You have not taken this quiz